Машины и аппараты химических производств: учебное пособие

Библиографические подробности
Другие авторы: Тимонин А. С., Балдин Б. Г., Борщев В. Я., Гусев Ю. И., Даниленко Н. В.
Примечания:В книге изложены научные основы разработки оборудования химических производств, приведены сведения об основных конструкционных материалах, используемых в химическом машиностроении, представлена элементная база основных машин и аппаратов химических производств, даны нормативные методики расчета данных злементов на прочность и устойчивость, приведены динамические расчеты машин, что является основой надежности при проектировании и безопасной эксплуатации машин и аппаратов. Описаны области применения, принцип работы и последовательность технологических расчетов всего основного оборудования химических производств, реализующих механические, гидромеханические, тепловые, массообменные и химические процессы. Представлено вспомогательное оборудование химических производств, технологические трубопроводы и арматура.Учебное пособие может быть полезно при реализации магистерских программ соответствующих направлений, а также аспирантам и инженерно-техническим работникам предприятий химической и нефтехимической индустрии.
Язык:русский
Опубликовано: Калуга, Изд-во Н. Бочкаревой, 2008
Предметы:
Формат: MixedMaterials Книга
Запись в KOHA:https://koha.lib.tpu.ru/cgi-bin/koha/opac-detail.pl?biblionumber=161150

MARC

LEADER 00000nam0a2200000 4500
001 161150
005 20231031155821.0
010 |a 9785895522271 
035 |a (RuTPU)RU\TPU\book\174761 
090 |a 161150 
100 |a 20090604d2008 m y0rusy50 ca 
101 0 |a rus 
102 |a RU 
105 |a a j 001zy 
200 1 |a Машины и аппараты химических производств  |e учебное пособие  |f А. С. Тимонин [и др.] 
210 |a Калуга  |c Изд-во Н. Бочкаревой  |d 2008 
215 |a 871 с.  |c ил. 
320 |a Библиография в конце глав. 
330 |a В книге изложены научные основы разработки оборудования химических производств, приведены сведения об основных конструкционных материалах, используемых в химическом машиностроении, представлена элементная база основных машин и аппаратов химических производств, даны нормативные методики расчета данных злементов на прочность и устойчивость, приведены динамические расчеты машин, что является основой надежности при проектировании и безопасной эксплуатации машин и аппаратов. Описаны области применения, принцип работы и последовательность технологических расчетов всего основного оборудования химических производств, реализующих механические, гидромеханические, тепловые, массообменные и химические процессы. Представлено вспомогательное оборудование химических производств, технологические трубопроводы и арматура.Учебное пособие может быть полезно при реализации магистерских программ соответствующих направлений, а также аспирантам и инженерно-техническим работникам предприятий химической и нефтехимической индустрии. 
606 1 |a Химические заводы  |x Оборудование  |2 stltpush  |3 (RuTPU)RU\TPU\subj\31103 
610 1 |a химическое производство 
610 1 |a химические аппараты 
610 1 |a химические машины 
610 1 |a элементы 
610 1 |a динамические расчеты 
610 1 |a механические процессы 
610 1 |a твердые материалы 
610 1 |a измельчение 
610 1 |a сыпучие материалы 
610 1 |a смешение 
610 1 |a дозирование 
610 1 |a формообразование 
610 1 |a прессование 
610 1 |a классификация 
610 1 |a гидромеханические процессы 
610 1 |a жидкие неоднородные системы 
610 1 |a разделение 
610 1 |a газовые неоднородные системы 
610 1 |a тепловые процессы 
610 1 |a смесители 
610 1 |a грануляторы 
610 1 |a прессы 
610 1 |a экструдеры 
610 1 |a отстойники 
610 1 |a гидроциклоны 
610 1 |a центрифуги 
610 1 |a сепараторы 
610 1 |a фильтры 
610 1 |a пылеуловители 
610 1 |a рекуперативные теплообменники 
610 1 |a выпарные аппараты 
610 1 |a кристаллизационные аппараты 
610 1 |a массообменные процессы 
610 1 |a колонные аппараты 
610 1 |a экстракционные аппараты 
610 1 |a адсорбция 
610 1 |a ионный обмен 
610 1 |a мембранные процессы 
610 1 |a диффузионные процессы 
610 1 |a сушильное оборудование 
610 1 |a сушилки 
610 1 |a химические реакторы 
610 1 |a печи 
610 1 |a вспомогательное оборудование 
610 1 |a технологические трубопроводы 
610 1 |a трубопроводная аппаратура 
610 1 |a учебные пособия 
675 |a 66.02(075.8)  |v 3 
701 1 |a Тимонин  |b А. С. 
701 1 |a Балдин  |b Б. Г. 
701 1 |a Борщев  |b В. Я. 
701 1 |a Гусев  |b Ю. И. 
701 1 |a Даниленко  |b Н. В. 
801 1 |a RU  |b 63413507  |c 20090604  |g PSBO 
801 2 |a RU  |b 63413507  |c 20150821  |g PSBO 
900 |a Машины и аппараты химических производств 
900 |a Химические реакторы 
942 |c BK 
952 |b 240801  |b 240800